Регионална библиотека "Любен Каравелов" - Русе

Сборник от нормативни нагледни материали по контрол (Запис номер 201701)

MARC детайли
000 -Лидер
Контролно поле с фиксирана дължина 01762nam a2200301 c 4500
003 - Код на организацията, давaща контролен номер
Контролно поле BLK
005 - Дата и час на последна редакция
Контролно поле 20180422120506.0
008 - Елементи от данни с фиксирана дължина
fixed length control field 180411b bul|||||r ||||||| ||bul||
010 ## - Наследен системен номер
LC control number KNG00211154000
040 ## - Източник на каталожния запис
Идентификатор на билиотеката - собственик на записа BLK
041 ## - Код за език
Код за езика на текст/звукозапис или на отделно заглавие Български
Код за езика КДБФ Български
080 ## - УДК
Текстов определител УДК Граждански контрол. Омбудсман. Контрол за общественото управление. Контрол от страна на самата администрация, от съда, парламента
УДК код - определител по УДК 351.9
УДК определител (094)(075.8)
УДК - код + определител 351.9(094)(075.8)
080 ## - УДК
Текстов определител УДК Финанси на стопанските организации (вкл. финансиране и управление на финансите). Финанси на стопанския сектор
УДК код - определител по УДК 336.6
УДК определител (094)(075.8)
УДК - код + определител 336.6(094)(075.8)
100 1# - Редна дума - Автор
Автор Томов, Йордан
Авторска отговорност първи автор
Автор - информация (биография) Иванов, Йордан Томов
R(LIN) 254879
139 ## - Редно поле
Редна дума Томов, Йордан и др.
Авторски знак Томо - Т 70
245 10 - Сведения за заглавието
Заглавие Сборник от нормативни нагледни материали по контрол
Подзаглавни данни За студентите от ВФСИ Д. А. Ценов - Свищов
Редно поле (дума) Йордан Томов; съавт. Емилиян Стефанов Тананеев; съавт. Крум Крумов.
257 ## - Страна на издаване
Страна на създаване/издаване България
260 ## - Област на издателските данни
-- Свищов
Име на издателя, разпространителя и проч. ВФСИ Д. А. Ценов
Година на издаване 1989
300 ## - Физическа характеристика
Страници 217 с.
Илюстрации и др. с табл., сх., диагр.
Размери/Мащаб 21 см
380 ## - Жанр
Жанр Обществени науки
700 1# - Други автори (авторска отговорност)
Лично име Тананеев, Емилиян Стефанов
Автороска отговорност (Описва отношението между автора и произведението) съавт.
9 (RLIN) 127473
700 1# - Други автори (авторска отговорност)
Лично име Крумов, Крум
Автороска отговорност (Описва отношението между автора и произведението) съавт.
9 (RLIN) 367344
852 ## - Местоположение
Форматна сигнатура Цб 158344
856 4# - Електронен адрес и достъп
Електронен формат pdf - файл
Път до файла /url/
856 4# - Електронен адрес и достъп
Електронен формат pdf - файл
Път до файла /url/
942 ## - АРТИКУЛИ
Вид на библиотечния материал Книги
Скрит в OPAC Не
944 ## - СЪЗДАВАНЕ И РЕДАКЦИЯ на ЗАПИСА
Създаване/Редакция Създаване
Дата на регистрацията/редакция 10.08.2017
Служител, извършил регистрацията/редакцията Наталия_Любомирова
944 ## - СЪЗДАВАНЕ И РЕДАКЦИЯ на ЗАПИСА
Създаване/Редакция Редакция
Дата на регистрацията/редакция 10.08.2017
Служител, извършил регистрацията/редакцията Наталия_Любомирова
999 ## - СИСТЕМНИ КОНТРОЛНИ НОМЕРА
Koha biblionumber 201701
Koha biblioitemnumber 201701
Наличности
Код за отписване Код за изгубен артикул Източник на класификационната схема Код за повреда Коз за рестрикции Код за отдаване Артикулен № Име на библиотеката - собственик Име на библиотеката, в която се намира в момента Статус (Текущо местоположение) Дата на вписване в системата Местоположение - отдел Цена в лева Инвентарен номер Систематично азбучна сигнатура Баркод Номер на екземпляра Цена в евро Служебна бележка Служебен тип на артикула
  Не е изгубен Universal Decimal Classification Не е повреден без рестрикции ползва се в читалня 349116 Регионална библиотека "Любен Каравелов" Русе Регионална библиотека "Любен Каравелов" Русе Хранилище 1989-01-01 Хранилище 0.88 518986 Цб 158344 120000518986 1 0.45 N: стар фонд Дата: 01.01.1989 Книги
Изтеглен Не е изгубен Universal Decimal Classification Не е повреден без рестрикции заемане за дома 349117 Регионална библиотека "Любен Каравелов" Русе Регионална библиотека "Любен Каравелов" Русе Заемна - подръчен фонд 1989-01-01 Заемна - подръчен фонд 0.88 516131 П 351/Т 70 516131 2 0.45 N: стар фонд Дата: 01.01.1989 Книги
Vip Innovations Ltd, Rousse, Bulgaria 2025